| 000 | 00955nam a22002537a 4500 | ||
|---|---|---|---|
| 999 |
_c65011 _d65011 |
||
| 005 | 20240530110802.0 | ||
| 008 | 190211s2018 ua a g b 000 0 ara d | ||
| 017 |
_bمصر. دار الكتب _a8143 |
||
| 020 | _a9789777331678 | ||
| 040 |
_aEG-CaGPL _cEG-CaGPL |
||
| 082 | 0 | 4 |
_221 _a153.42 \ _bص ق |
| 100 | 0 | _aصفاء عبدالجواد عبدالحفيظ بدر | |
| 245 | 1 | 0 |
_aقبعات التفكير ومهارات حل المشكلات / _cاعداد صفاء عبدالجواد عبدالحفيظ بدر |
| 250 | _aط.1 | ||
| 260 |
_aالقاهرة : _c2018 . _bدار التعليم الجامعى، |
||
| 300 |
_a170 ص. ؛ _c24 سم. |
||
| 504 | _aيشتمل على ارجاعات ببلوجرافية | ||
| 650 | 0 | 7 |
_2qrmak _aالتفكير |
| 650 | 0 | 7 |
_aحل المشكلات _2qrmak |
| 650 | 0 | 7 |
_2qrmak _aالتفكير الاستراتيجى |
| 651 | _2qrmak | ||
| 942 |
_2ddc _cBK |
||